Vegetables in the tropics / (Record no. 18632)
[ view plain ]
| 000 -LEADER | |
|---|---|
| fixed length control field | 00385cam a2200157Ia 4500 |
| 020 ## - INTERNATIONAL STANDARD BOOK NUMBER | |
| ISBN | 0870554433 |
| 020 ## - INTERNATIONAL STANDARD BOOK NUMBER | |
| ISBN | 9780870554438 |
| 040 ## - CATALOGING SOURCE | |
| Transcribing agency | KUK |
| 082 04 - DEWEY DECIMAL CLASSIFICATION NUMBER | |
| Classification number | 635 AVI 1983 C149 Or. |
| 100 1# - MAIN ENTRY--AUTHOR NAME | |
| Personal name | Tindall, H. D. |
| 245 10 - TITLE STATEMENT | |
| Title | Vegetables in the tropics / |
| 260 ## - PUBLICATION, DISTRIBUTION, ETC. (IMPRINT) | |
| Place of publication | Westport, Conn : |
| Name of publisher | AVI, |
| Year of publication | 1983. |
| 300 ## - PHYSICAL DESCRIPTION | |
| Number of Pages | xi, 533 p. : |
| Other physical details | ill. ; |
| Dimensions | 25 cm. |
| 650 #0 - SUBJECT ADDED ENTRY--TOPICAL TERM | |
| Topical Term | Vegetables |
| 942 ## - ADDED ENTRY ELEMENTS (KOHA) | |
| Koha item type | ADB |
| 952 ## - LOCATION AND ITEM INFORMATION (KOHA) | |
| Withdrawn status [LOCAL, KOHA] | 0 |
| Source of acquisition | Permanent Location | Date acquired | Koha item type | Lost status | Shelving location | Current Location | Full call number |
|---|---|---|---|---|---|---|---|
| A38501 | Library Block C | 2019-12-27 | សៀវភៅភាសាអង់គ្លេស | C149 | Library Block C | 635 AVI 1983 C149 Or. |